| 000 | 01030nam a2200205Ia 4500 | ||
|---|---|---|---|
| 003 | Ost | ||
| 005 | 20260507075643.0 | ||
| 008 | 260507s9999||||xx |||||||||||||| ||und|| | ||
| 040 | _cfsecg | ||
| 041 | _aara | ||
| 082 | _a346.02 | ||
| 100 |
_aدويدار، هاني محمد _eمؤلف |
||
| 245 | 0 |
_aالوجيز في العقود التجارية والعمليات المصرفية / _c هاني محمد دويدار |
|
| 260 |
_aالإسكندرية: _bدار الجامعة الجديدة, _c2003 |
||
| 300 |
_a351 صفحة؛ _bإيضاحات ؛ _c24 سم |
||
| 520 | _aالعقود التجارية، البيع بالتقسيط ، الوكالة بالعمولة، الرهن التجاري، نقل البضائع، العمليات المصرفية،الحسابات المصرفية،عمليات الإئتمان المصرفي، العمليات الواردة على الصكوك التجارية | ||
| 653 | _aالعقود التجارية | ||
| 653 | _aالعمليات المصرفية | ||
| 942 | _cكتاب | ||
| 999 |
_c45447 _d45447 |
||